000 00761nam a2200241Ia 4500
003 OSt
005 20220930070855.0
006 a|||||r|||| 00| 0
007 ta
008 220926b |||||||| |||| 00| 0 eng d
024 _a7614
037 _cTheses
040 _aCRL
_cCRL
_beng
041 _2eng
_aeng
100 _aSapra C.L.
_993207
110 _aUniversity of Delhi. Faculty of Education. Department of Education
245 0 _aStudy of the role of the central advisory board of education in elation to the development of primary education in India 1947-74
260 _c1980
650 _aEDUCATION
700 _aUniversity of Delhi. Faculty of Education. Department of Education
942 _cDIS
_2CC
999 _c861518
_d861518